| 000 | 00396pam a2200145 a 4500 | ||
|---|---|---|---|
| 020 |
_a1841841676 _c |
||
| 041 | _h | ||
| 082 |
_a616.0757 _bSTR/GUP |
||
| 100 | _aSTRICKLAND N.H., GUPTA P. | ||
| 245 |
_aCROSS - SECTIONAL DIAGNOSTIC IMAGING CASES FOR SELF ASSESSMENT _hTextual Documents |
||
| 260 |
_a[s.l]: _bMARTIN DUNITZ, _c2002. |
||
| 300 |
_a440: _cPB. |
||
| 930 | _a4700 | ||
| 999 |
_c799228 _d799228 |
||
| 650 | _aRADIOLOGY | ||